000 00283nam a22001337a 4500
008 170614b xxu||||| |||| 00| 0 eng d
020 _a9781594202506
041 _aeng
080 _a32
100 _a19
101 _aSHP
245 _aCRISIS ECONOMICS
_cMIHM.S
942 _2udc
_cBK
999 _c17374
_d17374